Ôlêxia
Na minha lista:
| Autor principal: | |
|---|---|
| Outros Autores: | |
| Formato: | Livro |
| Publicado em: |
H.
Lao Động
1987
|
| Assuntos: | |
| Tags: |
Adicionar Tag
Sem tags, seja o primeiro a adicionar uma tag!
|
| Thư viện lưu trữ: | Trung tâm Học liệu Lê Vũ Hùng, Trường Đại học Đồng Tháp |
|---|
| LEADER | 00682pam a22002298a 4500 | ||
|---|---|---|---|
| 001 | 00021856 | ||
| 005 | 20171026081023.0 | ||
| 008 | 110526s1987 ||||||Viesd | ||
| 041 | 0 | # | |a Vie |
| 082 | 1 | 4 | |a 891.73 |b Ô450L |
| 100 | 0 | # | |a Rin, Kup |
| 245 | 0 | 0 | |a Ôlêxia |c Kup Rin; Minh Hạnh dịch |
| 260 | # | # | |a H. |b Lao Động |c 1987 |
| 300 | # | # | |a 218 tr. |c 19 cm. |
| 650 | # | 4 | |a Liên Xô |
| 650 | # | 4 | |a Văn học hiện đại |
| 653 | # | # | |a Truyện ngắn |
| 700 | 0 | # | |a Minh Hạnh |e Dịch |
| 852 | # | # | |b Kho đọc |j KD.0007321 |
| 852 | # | # | |j KD.0007321 |
| 910 | 0 | # | |a kìm |d 26/05/2011 |
| 980 | # | # | |a Trung tâm Học liệu Lê Vũ Hùng, Trường Đại học Đồng Tháp |